| 000 | 01766nam a2200277 a 4500 | ||
|---|---|---|---|
| 001 | 78268 | ||
| 003 | BD-RjUL | ||
| 005 | 20211209083118.0 | ||
| 008 | 210831s2014 bg a|||| m||| 00| 0 ben d | ||
| 035 | _a(BD-RjUL) 78494 | ||
| 040 |
_aBD-RjUL _bben / eng _cBD-RjUL _dBD-RjUL |
||
| 041 | _aben | ||
| 082 |
_a792.0954922 _bALE 2014 _223 |
||
| 100 |
_aআলম, মীর মেহবুব _9247274 |
||
| 245 | 1 | 0 |
_aএকবিংশ শতাব্দীর প্রথম দশকে ঢাকার মঞ্চনাটক : _bপ্রবণতা ও নির্মানশৈলী / _cমীর, মেহবুব আলম ; _6তত্ত্বাবধায়ক : সফিকুন্নবী সামাদী |
| 260 |
_aরাজশাহী : _bনাট্যকলা বিভাগ, রাজশাহী বিশ্ববিদ্যালয়, _c২০১৪ |
||
| 300 |
_a[৩], ২৭০ পাতা : _bচিএ ; _c২৯ সেমি. |
||
| 502 | _aথিসিস (পিএইচ. ডি.) -- নাট্যকলা বিভাগ, রাজশাহী বিশ্ববিদ্যালয়, ২০১৪ | ||
| 504 | _a[গ্রন্থপঞ্জি] :পাতা ১৮০-২৭০ | ||
| 650 |
_aমঞ্চনাটক _zবাংলাদেশ _zঢাকা _xইতিহাস _y২০০০-২০১০ _9247275 |
||
| 650 |
_aTheater _zBangladesh _z Dhaka _xHistory. _y2000-2010 _9247505 |
||
| 650 |
_aথিয়েটার এবং সমাজ _zবাংলাদেশ _zঢাকা _9247506 |
||
| 650 |
_aTheater and society _zBangladesh. _zDhaka _9247507 |
||
| 700 |
_aসামাদী, সফিকুন্নবী, তত্ত্বাবধায়ক _9247277 |
||
| 942 |
_2ddc _cTHE |
||
| 999 |
_c78268 _d78268 |
||